00738nam a2200241 a 4500001001300000003000900013005001700022008004100039020002300080082001600103100002100119245006800140260004000208300000900248500003500257505001000292650002400302700002100326902000800347942000700355952011700362999001700479nice12345678IN_TiNIC20260116014137.0080624s2007 newa grp 000 0 eng  a8125031561 c39500a303.69bRAD aRadhakrishnan, R aBetween Identity and Locationb The Cultural Politics of Theory aNew Delhi bOrient Blackswan c2007 a249p aincludes index and biblioraphy2 aindex aConflict Resolution1 aRadhakrishnan, R bSRS cBK 001040708StackRoom-aHMIbHMId2008-06-24g395.00l0o303.69 RADp022460r2008-06-24v395.00w2008-06-24yBK c14067d14067